Textbook of biochemistry (Record no. 234188)

000 -LEADER
fixed length control field nam a22 7a 4500
003 - CONTROL NUMBER IDENTIFIER
control field Nust
005 - DATE AND TIME OF LATEST TRANSACTION
control field 20170315113333.0
008 - FIXED-LENGTH DATA ELEMENTS--GENERAL INFORMATION
fixed length control field 170315b xxu||||| |||| 00| 0 eng d
020 ## - INTERNATIONAL STANDARD BOOK NUMBER
International Standard Book Number 978-81-239-2038-2
040 ## - CATALOGING SOURCE
Transcribing agency ASAB
082 ## - DEWEY DECIMAL CLASSIFICATION NUMBER
Classification number 574.1
222 ## - KEY TITLE
Key title biochemistry
245 ## - TITLE STATEMENT
Title Textbook of biochemistry
Statement of responsibility, etc. S.P. Singh
246 ## - VARYING FORM OF TITLE
Title proper/short title textbook of biochemistry
250 ## - EDITION STATEMENT
Edition statement fifth edition
260 ## - PUBLICATION, DISTRIBUTION, ETC.
Place of publication, distribution, etc. New delhi Bangalore
Name of publisher, distributor, etc. CBS publishers & distributors
Date of publication, distribution, etc. c2008
300 ## - PHYSICAL DESCRIPTION
Extent 858 P
942 ## - ADDED ENTRY ELEMENTS (KOHA)
Source of classification or shelving scheme
Koha item type Book
Holdings
Withdrawn status Lost status Source of classification or shelving scheme Damaged status Not for loan Collection code Permanent Location Current Location Date acquired Total Checkouts Total Renewals Full call number Barcode Date last seen Date last checked out Price effective from Koha item type
            Central Library (CL) Central Library (CL) 03/15/2017 1 2 571.6 SIN ASAB2202 02/11/2025 11/16/2020 03/15/2017 Book
© 2023 Central Library, National University of Sciences and Technology. All Rights Reserved.